| 000 | 00886nmc a2200337 a 4500 | ||
|---|---|---|---|
| 003 | AR-BaBNM | ||
| 005 | 20251128203934.0 | ||
| 008 | 155019s1981 ||||||||||||||000 | spa|| | ||
| 020 | _a84-7046-223-7 | ||
| 040 | _cAR-BaBNM | ||
| 100 | 1 | _aBlasco Pascual, Francisco J. | |
| 245 | 1 | 0 | _aAscética, mística y picaresca |
| 260 |
_aMadrid _bCincel _c1981 |
||
| 300 | 0 | _a87 p. | |
| 490 | 0 | _aCuadernos de estudio. Literatura | |
| 500 | 0 | _aContiene indice de las materias | |
| 504 | _aBibliografía | ||
| 600 | 0 | 4 | _aTeresa de Jesus |
| 600 | 0 | 4 | _aJuan de la Cruz |
| 650 | 4 | _aLITERATURA RELIGIOSA | |
| 650 | 4 | _aLITERATURA ESPANOLA | |
| 650 | 4 | _aHUMANIDADES | |
| 650 | 4 | _aESCRITORES | |
| 650 | 4 | _aPOESIA | |
| 650 | 4 | _aMISTICISMO | |
| 653 | 0 | _aNOVELA PICARESCA | |
| 655 | _aLITERATURA | ||
| 700 | 1 | _aGonzález Marín, María del Carmen | |
| 942 | _cBK | ||
| 998 | _cCarmen | ||
| 999 |
_c5545 _d5545 |
||